- Zamacois, Niceto de,
Entry Nombre Personal
001 - NUMERO DE CONTROL
- campo de control: 51495
003 - IDENTIFICADOR DE NUMERO DE CONTROL
- campo de control: DLC
005 - FECHA Y HORA DE LA ÜLTIMA TRANSACCIÓN
- campo de control: 20240411093649.0
008 - DATOS DE LONGITUD FIJA
- campo de control de longitud fija: 081114n| azannaabn |a aaa
010 ## - NÚMERO DE CONTROL DE LA BIBLIOTECA DEL CONGRESO
- Número de control LC: n 2008077395
- Número de Control LC Cancelado/inválido: no 95021238
035 ## - NUMERO DE CONTROL
- Número de control: (OCoLC)oca07938256
040 ## - FUENTE DE CATALOGACIÓN
- Agencia original de catalogación: DLC
- Lenguaje de catalogación: spa
- Description conventions: rda
- Agencia de transcripción: DLC
- Agencia que lo modifica: DLC
- Agencia que lo modifica: NjP
- Agencia que lo modifica: MX-MxUPN
046 ## - FECHAS CON CODIFICACIÓN ESPECIAL
- Fecha de nacimiento: 1820
- Fecha de muerte: 1885
- Fuente del formato de fecha: edtf
100 1# - ENCABEZAMIENTO - NOMBRE PERSONAL
- Nombre personal: Zamacois, Niceto de,
- Fechas asociadas con el nombre: 1820-1885
370 ## - LUGAR ASOCIADO
- Place of birth: Bilbao (Esáña)
- Place of death: Ciudad de México
370 ## - LUGAR ASOCIADO
- Place of residence/headquarters: Mexico
- Fuente del término: naf
- Start period: 1840
374 ## - OCUPACIÓN
- Occupation: Historiador
- Occupation: Pintor
- Occupation: Novelista
377 ## - LENGUA ASOCIADA
- Language code: spa
400 1# - VEÁSE - NOMBRE DE PERSONA
- Personal name: De Zamacois, Niceto,
- Dates associated with a name: 1820-1885
670 ## - FUENTE EN LA QUE SE LOCALIZARON DATOS
- Cita de la fuente: Zamacois, Niceto de. Origen del plagio en México, 2006:
- Información localizada: t.p. (Niceto de Zamacois) p. 4 of cover (b. 1820 in Bilbao, Spain; immigrated to Mexico in 1840; historian, painter and novelist)
670 ## - FUENTE EN LA QUE SE LOCALIZARON DATOS
- Cita de la fuente: Historia de Méjico, 1876-1882:
- Información localizada: portada, v. 1, etc. (Don Niceto de Zamacois)
670 ## - FUENTE EN LA QUE SE LOCALIZARON DATOS
- Cita de la fuente: LC in OCLC, 4/28/95
- Información localizada: (hdg.: Zamacois, Niceto de, d. 1886; usage: Niceto de Zamacois)
670 ## - FUENTE EN LA QUE SE LOCALIZARON DATOS
- Cita de la fuente: Wikipedia (Spanish), Nov. 25, 2008
- Información localizada: (Niceto de Zamacois; b. 1820, Bilbao, Spain; d. Oct. 30, 1885, Mexico City, Mexico)
670 ## - FUENTE EN LA QUE SE LOCALIZARON DATOS
- Cita de la fuente: Biblioteca Nacional (Mexico) Web OPAC, Nov. 25, 2008
- Información localizada: (Zamacois, Niceto de, 1820-1885)
902 ## - CATALOGADOR
- Catalogador: Víctor Ruiz/110424
